000 00471nam a2200193Ia 4500
005 20250603144950.0
008 250603s9999 xx 000 0 und d
020 _a978-0-273-70369-3
050 _aHF 5635 .W443/
100 _aPauline Weetman
245 0 _aFnancial and management Accounting An introduction
250 _a4th ed.
260 _aHarlow
260 _bPearson Education
260 _c2006
300 _a694 p
650 _aHarlow
942 _cBK
999 _c40477
_d40477